| 000 | 00385nam a2200181Ia 4500 | ||
|---|---|---|---|
| 003 | 0100 | ||
| 008 | 130307s9999 xx 000 0 und d | ||
| 040 | _cARRUPELIB | ||
| 050 | _aLC1011.V3 1943 | ||
| 100 | _aVan Doren, Mark | ||
| 245 | _aLiberal education | ||
| 260 | _aNY | ||
| 260 | _bHolt | ||
| 260 | _c1943 | ||
| 300 | _a186p | ||
| 650 | _bKnowledge, Theory of | ||
| 942 | 0 | 0 | _02 |
| 999 |
_c83783 _d83783 |
||